| 000 | 00980naa a22002777a 4500 | ||
|---|---|---|---|
| 001 | BR7703172 | ||
| 003 | BR-BrBNA | ||
| 005 | 20240918173957.0 | ||
| 007 | ta | ||
| 008 | 230509b bl.||||| |||| 00| 0 por d | ||
| 040 |
_aBR-BrBNA _bpor _cBiblioteca Nacional de Agricultura |
||
| 041 | _a(En) | ||
| 072 |
_aP00 _b/G514 |
||
| 090 | _aP00 BR7703172 | ||
| 100 | 1 | _aSmith, N.J.H. | |
| 245 | 1 | _aHuman exploitation on of terra firme fauna in Amazonia [Recurso natural; Fauna; Brasil] | |
| 260 | 3 |
_aBrasilia, DF (Brasil): _c1977. |
|
| 500 | _aEncontros Regionais sobre Conservacao da Fauna e Recursos Faunisticos Brasilia, DF (Brasil): 1977. p. 51-63 (BR7703172-AM)P00 | ||
| 650 | _aRecurso natural | ||
| 650 | _aFauna | ||
| 650 | _aConservacao | ||
| 650 | _aAmazonia | ||
| 773 | 0 |
_tEncontros Regionais sobre Conservacao da Fauna e Recursos Faunisticos _wP00 BR7703172 _gBrasilia, DF (Brasil), 1977. p. 51-63 |
|
| 909 |
_a202404 _bLucia _c55 _dLucia Elande |
||
| 942 |
_cAM _2AGRIS |
||
| 999 |
_c308094 _d308094 |
||